000 00984nam a2200301 i 4500
003 EG-GICUC
005 20260307175520.0
008 260224s1990 us ||||fr|||| 00| 0 eng d
040 _aEG-GiCUC
_beng
_cEG-GiCUC
_dEG-GiCUC
_erda
041 _aeng
082 0 4 _221
_a341.66
_bRE.I
092 0 4 _221
099 _aLaw1 11 341.66 RE.I 1990
100 1 _aReisman , W. Michael
_eAuthor.
245 _aInternational Law After The Cold War /
_nVol.84 ,
_cW. Michael Reisman .
264 _aAmerica :
_bThe American Journal of International Law ,
_c1990.
300 _a859-866 pages ,
_c24 cm
336 _2rda content
_atext
337 _2rda media
_aComputer
338 _2rda carrier
_aOnline Resource
490 _aThe American Journal of International Law.
_vVol.84,
_xNo.4.
546 _aText in English
650 1 _aDroit international public
651 1 _2qrmak
856 4 0 _uhttps://fll.law.cu.edu.eg/fulltext/bks/B11-06560.pdf
905 _a60
942 _2ddc
_cBK
_e21
_n0
999 _c64123
_d64123